000 00755nam a22002297a 4500
999 _c14401
_d14401
003 AR-CdUCM
008 190423b ||||| |||| 00| 0 spa d
020 _a978-607-404-510-9
040 _aMUNICIPALIDAD PROVINCIAL DEL CUSCO
_cBIBLIOTECA MUNICIPAL DEL CUSCO
041 _heng
082 _aPI / 803.08 /
_bP51
110 _aDisney Enterprises, Inc.
_931708
245 _aDisney Hadas, Tinker Bell :
_bVidia, el hada de vuelo veloz /
260 _aMéxico :
_bSilver Dolphin,
_c2013.
300 _bilustraciones,
_c19 cm.
650 _aCuentos infantiles
_93927
650 _aLiteratura infantil
_9588
650 _aPrimera infancia
_924660
700 _aCaballero, Samantha (traducción)
_924667
942 _2ddc
_cLIBROS
945 _aachl
_d2019-04-23